00359 a2200109 4500001001000000005001700010008004100027245007400068100001800142773007200160999001700232ART_1196120260410161902.0260409a 10aIncome tax evasion, labour supply, and the equity-efficiency tradeoff1 aSandmo, Agnar0 tJournal of public economicsg- Vol. 16, NÂș 3 (dic. 1981)wREV11485 c25972d25972